| 000 | 00613nam a2200205Ia 4500 | ||
|---|---|---|---|
| 003 | GCL | ||
| 008 | 140319s9999 xx 000 0 ara d | ||
| 040 |
_aGCL / _cGCL |
||
| 082 | 0 | 4 |
_a790.43 _bى ا |
| 100 | 1 | _aيحيى عزمى | |
| 245 | 1 | 0 |
_aاضواء على السينما التجريبية / _cيحيى عزمى |
| 260 |
_a[S.N] : _bصندوق التنمية الثقافية |
||
| 300 | _a32 ص | ||
| 490 | _a | ||
| 650 | 0 | 4 | _aنقد |
| 650 | 0 | 4 | _aالافلام السينمائية |
| 650 | 0 | 4 | _aالاخراج السينمائى |
| 650 | 0 | 4 | _aالافلام التجريبية |
| 942 |
_2ddc _cBK |
||
| 999 |
_c58946 _d58946 |
||